Statistiques concernant Films mal décrits #1

Cliquez ici pour prendre le quiz!

Statistiques générales

  • Ce quiz a été pris 28 219 fois
  • Le résultat moyen est 9 sur 15

Statistiques - réponses

Synopsis bancalFilm% Correct
Un homme pauvre tombe amoureux d'une fille riche sur un bateau, mais il meurtTitanic
96%
Des résistants spatiaux font la même chose que leurs parents tous les 3 filmsStar Wars
80%
Un super-héros sans pouvoirs mais riche et mystérieuxBatman
79%
Des pirates qui ne pillent aucun bateau de toute la sagaPirates des Caraïbes
79%
Des enfants adultes se font guider par une troupe de toutes les races pour détruire une bagueLe Seigneur des anneaux
74%
Un groupe de chauves qui roulent vite déjouent des organisations terroristesFast and Furious
73%
Un scientifique ranime des lézards qui tentent de s'échapper d'un zooJurassic Park
63%
Des super-héros vont dans le passé pour sauver l'humanité car ils n'ont pas réussi la première foisAvengers : Endgame
60%
Un père emmène sa famille dans un hôtel à la montagne et tente de les assassinerThe Shining
59%
Léonardo DiCaprio qui marche et qui a froid pendant 156 minutesThe Revenant
56%
Un riche homme d'affaires sauve le monde dans un cosplay stylé de C3POIron Man
55%
Des poupées occupent leurs journées comme elles peuventToy Story
53%
Des gentilles voitures de l'espace protègent l'humanité de méchantes voitures de l'espaceTransformers
44%
Un handicapé contrôle un extraterrestre par la pensée et sauve un peuple arboricole de l'extinctionAvatar
42%
Un chauve ressuscite pour tuer un ado qui l'avait désincarnéHarry Potter
28%

Distribution des résultats

Percentile par nombre de réponses

% des personnes avec chaque résultat

Votre développement - résultats

Vous n’avez pas pris ce quiz